00924nam a2200253Ia 4500003000400000005001700004008004000021020001500061040000700076041000800083082001600091100002600107245007900133250000700212260004500219300001500264690002200279700002300301906001100324942001200335999001900347952015200366952015200518OSt20230227120007.0210210b2013 xxu||||| |||| 00| 0 eng d a8172881452 cAL aeng a657.46 MEHI aMEHROTRA (H C)973444 aIncome tax law and practice 2013-14bIncluding wealth tax and tax planning a34 aAgrabSahithya Bhawan Publicationsc2013 axvi,984,xx aIncome Tax973445 aGOYAL (S P)973446 a067582 2ddccBK c150610d150610 00102ddc40708COMaALbALd2021-02-17eBiblios Book Point, Surathkal-575014g990.00l0o657.46 MEHIp067583r2021-02-17 00:00:00w2021-02-17yBK 00102ddc40708COMaALbALd2021-02-17eBiblios Book Point, Surathkal-575014g990.00l0o657.46 MEHIp067582r2021-02-17 00:00:00w2021-02-17yBK